| 000 | 00568nam a2200169Ia 4500 | ||
|---|---|---|---|
| 008 | 260520s2025 xx 000 0 und d | ||
| 020 | _a978-93-82405-70-2 | ||
| 041 | _amar | ||
| 082 | _a320.95479/BHA | ||
| 100 | _aभैसारे, ज्ञानदीप | ||
| 245 | _aमहाराष्ट्राचे शासन आणि राजकारण | ||
| 250 | _a1st ed | ||
| 260 |
_aनागपूर _bपिंपळापुरे पब्लिकेशन _c2025 |
||
| 300 | _a282p. | ||
| 500 | _aCat No: 15166 | ||
| 650 | _aPOLITICAL SCIENCE | ||
| 999 |
_c1221892 _d1221892 |
||